| 000 | 02286cam a2200589 a 4500 | ||
|---|---|---|---|
| 001 | 20540 | ||
| 003 | VRT | ||
| 005 | 20260126110258.0 | ||
| 008 | 230403s1950 xo a g 000 jdslo | ||
| 015 | _aSNBA19451955-003068 | ||
| 035 | _aSK01SNKBKSFS20020064126 | ||
| 035 | _aurn:nbn:sk:snk-am3i20a | ||
| 035 | _aCC21D17C-CF2A-4AB6-9B62-C0B3009A3F90 | ||
| 035 | _aurn:nbn:sk:snk-am00dh2g | ||
| 035 | _aSKM000066589 | ||
| 039 | 9 |
_a202401182209 _bAUTHORITY _c202304032043 _dVLOAD _c202212050953 _dVLOAD _c202205120823 _dVLOAD |
|
| 040 |
_aSNK _bslo _cSNK _eAACR2 |
||
| 041 | 1 |
_aslo _hrus |
|
| 044 |
_axo _cSK |
||
| 080 |
_a821.161.1-32 _22011 |
||
| 080 |
_a821.161.1-32=162.4 _22011 |
||
| 100 | 1 |
_aGogoľ, Nikolaj Vasilievič, _d1809-1852 _4aut |
|
| 245 | 1 | 0 |
_aPetrohradské novely _cNikolaj Vasiľjevič Gogoľ ; preložil kolektív Ruského seminára v Bratislave: A. Isačenko, V. Lapárová, M. Neumannová, E. Páliková, V. Petrová, M. Strengerová, E. Turčány ; doslov napísal A. Isačenko ; ilustrácie Michail Romberg |
| 260 |
_aBratislava _bSlovenský spisovateľ _c1950 _eBratislava _fPravda |
||
| 300 |
_a268, [4] s. _b[9] obr. príl. _c21 cm |
||
| 366 | _e5 000 výt. | ||
| 490 | 1 |
_aKomorná knižnica Elánu _vsv. 26 |
|
| 500 | _aFrontispice | ||
| 504 | _aBibliogr. poznámka | ||
| 655 | 7 |
_aruské novely _2SNKPH |
|
| 700 | 1 |
_aIsačenko, Aleksandr Vasilievič, _d1911-1978 _4trl _4aft |
|
| 700 | 1 |
_aDorotjaková, Viktória, _d1927-1999 _4trl |
|
| 700 | 1 |
_aNeumannová, Mária _4trl |
|
| 700 | 1 |
_aPáliková, V. _4trl |
|
| 700 | 1 |
_aMarušiaková, Viera, _d1923-2016 _4trl |
|
| 700 | 1 |
_aStrengerová, M. _4trl |
|
| 700 | 1 |
_aTurčány, Eliška _4trl |
|
| 700 | 1 |
_aRomberg, Michal, _d1918-1982 _4ill |
|
| 740 | 0 | 2 | _aNevský prospekt |
| 740 | 0 | 2 | _aZápisky choromyseľného |
| 740 | 0 | 2 | _aKepeň |
| 740 | 0 | 2 | _aNos |
| 830 | 0 | _aKomorná knižnica Elánu | |
| 910 | _asnk | ||
| 942 |
_2ddc _cKLDO _n0 |
||
| 949 |
_617A1547236 _asnkSC 3057/26 D1 _bsnkF 4322/63 |
||
| 949 |
_63830001004180 _akurukT13/GOGO1-1 |
||
| 949 |
_617A0309902 _asnkSC 3057/26 _bsnk3237/51 _oVIII. 4872/51 druhé ev.č. _s6100:20180813 |
||
| 949 |
_6273K0339146 _asvkpoA 22167 _bsvkpo52406 |
||
| 949 |
_6270001000525162 _asvkbbS 13551 _bsvkbbm 2307 |
||
| 999 |
_c20540 _d20540 |
||